| 000 | 00419nam a2200181Ia 4500 | ||
|---|---|---|---|
| 008 | 170918s9999 xx 000 0 und d | ||
| 020 | _a9780590444552 | ||
| 050 | _bC626 2009 | ||
| 100 | _aClements, Andrew | ||
| 245 | _aBig Al / | ||
| 245 | _cAndrew Clements. | ||
| 260 | _aNew York : | ||
| 260 | _bScholastic, | ||
| 300 | _aunpaged : | ||
| 300 | _bcolored illustration ; | ||
| 300 | _c22cm. | ||
| 500 | _a880 | ||
| 999 |
_c342151 _d342151 |
||